<?xml version="1.0" encoding="UTF-8"?><?xml-stylesheet type="text/xsl" href="static/style.xsl"?><OAI-PMH xmlns="http://www.openarchives.org/OAI/2.0/" xmlns:xsi="http://www.w3.org/2001/XMLSchema-instance" xsi:schemaLocation="http://www.openarchives.org/OAI/2.0/ http://www.openarchives.org/OAI/2.0/OAI-PMH.xsd"><responseDate>2026-04-13T02:37:40Z</responseDate><request verb="GetRecord" identifier="oai:www.recercat.cat:2445/109013" metadataPrefix="marc">https://recercat.cat/oai/request</request><GetRecord><record><header><identifier>oai:recercat.cat:2445/109013</identifier><datestamp>2025-12-10T00:37:40Z</datestamp><setSpec>com_2072_1057</setSpec><setSpec>col_2072_478917</setSpec></header><metadata><record xmlns="http://www.loc.gov/MARC21/slim" xmlns:dcterms="http://purl.org/dc/terms/" xmlns:xsi="http://www.w3.org/2001/XMLSchema-instance" xmlns:doc="http://www.lyncode.com/xoai" xsi:schemaLocation="http://www.loc.gov/MARC21/slim http://www.loc.gov/standards/marcxml/schema/MARC21slim.xsd">
   <leader>00925njm 22002777a 4500</leader>
   <datafield ind2=" " ind1=" " tag="042">
      <subfield code="a">dc</subfield>
   </datafield>
   <datafield ind2=" " ind1=" " tag="720">
      <subfield code="a">Martinez, Pamela P.</subfield>
      <subfield code="e">author</subfield>
   </datafield>
   <datafield ind2=" " ind1=" " tag="720">
      <subfield code="a">Reiner Jr., Robert C.</subfield>
      <subfield code="e">author</subfield>
   </datafield>
   <datafield ind2=" " ind1=" " tag="720">
      <subfield code="a">Cash, Benjamin A.</subfield>
      <subfield code="e">author</subfield>
   </datafield>
   <datafield ind2=" " ind1=" " tag="720">
      <subfield code="a">Rodó López, Xavier</subfield>
      <subfield code="e">author</subfield>
   </datafield>
   <datafield ind2=" " ind1=" " tag="720">
      <subfield code="a">Shahjahan Mondal, Mohammad</subfield>
      <subfield code="e">author</subfield>
   </datafield>
   <datafield ind2=" " ind1=" " tag="720">
      <subfield code="a">Roy, Manojit</subfield>
      <subfield code="e">author</subfield>
   </datafield>
   <datafield ind2=" " ind1=" " tag="720">
      <subfield code="a">Yunus, Mohammad</subfield>
      <subfield code="e">author</subfield>
   </datafield>
   <datafield ind2=" " ind1=" " tag="720">
      <subfield code="a">Faruque, Abu S. G.</subfield>
      <subfield code="e">author</subfield>
   </datafield>
   <datafield ind2=" " ind1=" " tag="720">
      <subfield code="a">Huq, Sayeeda</subfield>
      <subfield code="e">author</subfield>
   </datafield>
   <datafield ind2=" " ind1=" " tag="720">
      <subfield code="a">King, Aaron A.</subfield>
      <subfield code="e">author</subfield>
   </datafield>
   <datafield ind2=" " ind1=" " tag="720">
      <subfield code="a">Pascual, Mercedes</subfield>
      <subfield code="e">author</subfield>
   </datafield>
   <datafield ind2=" " ind1=" " tag="260">
      <subfield code="c">2017-03-28T10:51:14Z</subfield>
   </datafield>
   <datafield ind2=" " ind1=" " tag="260">
      <subfield code="c">2017-03-28T10:51:14Z</subfield>
   </datafield>
   <datafield ind2=" " ind1=" " tag="260">
      <subfield code="c">2017-03-02</subfield>
   </datafield>
   <datafield ind2=" " ind1=" " tag="260">
      <subfield code="c">2017-03-08T19:01:36Z</subfield>
   </datafield>
   <datafield ind2=" " ind1=" " tag="520">
      <subfield code="a">A substantial body of work supports a teleconnection between the&#xd;
                El Nino-Southern Oscillation (ENSO) and cholera incidence in&#xd;
                Bangladesh. In particular, high positive anomalies during the&#xd;
                winter (Dec-Feb) in sea surface temperatures (SST) in the&#xd;
                tropical Pacific have been shown to exacerbate the seasonal&#xd;
                outbreak of cholera following the monsoons from August to&#xd;
                November. Climate studies have indicated a role of regional&#xd;
                precipitation over Bangladesh in mediating this long-distance&#xd;
                effect. Motivated by this previous evidence, we took advantage&#xd;
                of the strong 2015-2016 El Nino event to evaluate the&#xd;
                predictability of cholera dynamics for the city in recent times&#xd;
                based on two transmission models that incorporate SST anomalies&#xd;
                and are fitted to the earlier surveillance records starting in&#xd;
                1995. We implemented a mechanistic temporal model that&#xd;
                incorporates both epidemiological processes and the effect of&#xd;
                ENSO, as well as a previously published statistical model that&#xd;
                resolves space at the level of districts (thanas). Prediction&#xd;
                accuracy was evaluated with "out-of-fit" data from the same&#xd;
                surveillance efforts (post 2008 and 2010 for the two models&#xd;
                respectively), by comparing the total number of cholera cases&#xd;
                observed for the season to those predicted by model simulations&#xd;
                eight to twelve months ahead, starting in January each year.&#xd;
                Although forecasts were accurate for the low cholera risk&#xd;
                observed for the years preceding the 2015-2016 El Nino, the&#xd;
                models also predicted a high probability of observing a large&#xd;
                outbreak in fall 2016. Observed cholera cases up to Oct 2016 did&#xd;
                not show evidence of an anomalous season. We discuss these&#xd;
                predictions in the context of regional and local climate&#xd;
                conditions, which show that despite positive regional rainfall&#xd;
                anomalies, rainfall and inundation in Dhaka remained low.&#xd;
                Possible explanations for these patterns are given together with&#xd;
                future implications for cholera dynamics and directions to&#xd;
                improve their prediction for the city.</subfield>
   </datafield>
   <datafield tag="653" ind2=" " ind1=" ">
      <subfield code="a">Còlera</subfield>
   </datafield>
   <datafield tag="653" ind2=" " ind1=" ">
      <subfield code="a">Bangla Desh</subfield>
   </datafield>
   <datafield tag="653" ind2=" " ind1=" ">
      <subfield code="a">Cholera</subfield>
   </datafield>
   <datafield tag="653" ind2=" " ind1=" ">
      <subfield code="a">Bangladesh</subfield>
   </datafield>
   <datafield ind2="0" ind1="0" tag="245">
      <subfield code="a">Cholera forecast for Dhaka, Bangladesh, with the 2015-2016 El&#xd;
                Nino: Lessons learned</subfield>
   </datafield>
</record></metadata></record></GetRecord></OAI-PMH>